MINERAL AND MINE ECONOMICS (Record no. 5277)

MARC details
000 -LEADER
fixed length control field 00313nam a22001337a 4500
005 - DATE AND TIME OF LATEST TRANSACTION
control field 20161022150211.0
008 - FIXED-LENGTH DATA ELEMENTS--GENERAL INFORMATION
fixed length control field 161022b xxu||||| |||| 00| 0 eng d
041 ## - LANGUAGE CODE
Language code of text/sound track or separate title eng
100 ## - MAIN ENTRY--AUTHOR NAME
Personal name DESHMUKH,R.T
245 ## - TITLE STATEMENT
Title MINERAL AND MINE ECONOMICS
300 ## - PHYSICAL DESCRIPTION
Number of Pages 558
650 ## - SUBJECT ADDED ENTRY--TOPICAL TERM
Topical Term MINING ENGINEERING
942 ## - ADDED ENTRY ELEMENTS (KOHA)
Koha item type Books
Holdings
Lost status Damaged status Home library Current library Shelving location Date acquired Source of acquisition Cost, normal purchase price Full call number Accession Number Koha item type Collection code
    JRU Library   SHELF-94-D 22/10/2016 Purchase 600.00 338.2 21346 Books  
    JRU Library JRU Library SHELF-94-D 22/10/2016 Purchase 600.00 338.2 21347 Books MINING
    JRU Library JRU Library SHELF-94-D 22/10/2016 Purchase 600.00 338.2 21348 Books MINING
    JRU Library JRU Library SHELF-94-D 22/10/2016 Purchase 600.00 338.2 21349 Books MINING
    JRU Library   SHELF-6-D 22/10/2016 Purchase 600.00 338.2 21350 Books